000 00308nam a2200121Ia 4500
008 220204s9999 xx 000 0 und d
082 _a347
_bCHA.2;1
100 _aLakhi Singh Chaudri
245 0 _aCivil service regulations. V 2
250 _aEd.4
260 _aHoshiarpur
_bS Lakhi Singh
_c1961
942 _cBK
999 _c20788
_d20788